U.S.A. de cara a la verdad: bancarrota económica y moral de un país

-д хадгалсан:
Номзүйн дэлгэрэнгүй
Үндсэн зохиолч: Wattenberg, Ben J (Зохиогч)
Формат: Ном
Хэл сонгох:испани
Хэвлэсэн: Buenos Aires Edisar 1976
Нөхцлүүд:
Шошгууд: Шошго нэмэх
Шошго байхгүй, Энэхүү баримтыг шошголох эхний хүн болох!

MARC

LEADER 00000nam a2200000 a 4500
001 UCS1441
003 CL-VaPUC
008 970509e19760000AG |||||||||||||||||spa|d
082 0 4 |a 361  |b WAT  |2 21 
100 0 |a Wattenberg, Ben J  |e author  |9 385891 
245 1 0 |a U.S.A. de cara a la verdad: bancarrota económica y moral de un país 
300 |a 204 p 
942 |c BK 
945 |d 19970509 00:00:00  |a amoreno 
260 |a Buenos Aires  |b Edisar  |c 1976 
650 7 |a PROBLEMAS SOCIALES Y ECONOMICOS  |2 CL-VaPUC  |9 385892 
650 0 |a Retórica   |9 266620 
650 0 |a Trabajadores  |9 260887 
650 7 |a CLASE MEDIA  |2 CL-VaPUC  |9 255144 
650 0 |a Educación  |9 258661 
650 0 |a Razas  |9 326658 
650 0 |a Población  |9 257577 
650 0 |a Guerra  |9 255876 
650 0 |a Paz  |9 259242 
650 0 |a Política  |9 255312 
583 |a last modification  |c 19970509 00:00:00  |k Rodrigo Vera 
999 |c 259526  |d 259524 
952 |0 0  |1 0  |4 0  |6 361_000000000000000_WAT_1976  |7 0  |8 A  |9 284357  |a BIBGIM  |b BIBGIM  |d 2019-11-19  |i 3276015  |o 361 WAT 1976  |p 3276015  |r 2025-01-15  |w 2019-11-19  |y BK  |k GIM